No one´s listening! / (Registro nro. 13145)

Detalles MARC
000 -LEADER
fixed length control field 00862nam a22002777a 4500
003 - CONTROL NUMBER IDENTIFIER
control field DO-SdBNP
005 - DATE AND TIME OF LATEST TRANSACTION
control field 20171127155732.0
008 - FIXED-LENGTH DATA ELEMENTS--GENERAL INFORMATION
fixed length control field 161031b 1991 xxu a 00| 0 spa d
020 ## - INTERNATIONAL STANDARD BOOK NUMBER
International Standard Book Number 0307126374
040 ## - CATALOGING SOURCE
Original cataloging agency BPMSU
Language of cataloging spa
Transcribing agency BPMSU
082 ## - DEWEY DECIMAL CLASSIFICATION NUMBER
Classification number xxxx
Item number xxxx
100 1# - MAIN ENTRY--PERSONAL NAME
Personal name Birney, Betty
245 10 - TITLE STATEMENT
Title No one´s listening! /
Statement of responsibility, etc. Betty Birney ; ilustración Darrell Baker
260 ## - PUBLICATION, DISTRIBUTION, ETC. (IMPRINT)
Place of publication, distribution, etc. Racine, Wisconsin :
Name of publisher, distributor, etc. Western publishing,
Date of publication, distribution, etc. 1991.
300 ## - PHYSICAL DESCRIPTION
Extent [24] p. :
Other physical details il.
Dimensions 22 cm.
490 0# - SERIES STATEMENT
Series statement Oh, Bother!
490 0# - SERIES STATEMENT
Series statement Disney´s Winnie the Pooh helping hands book
500 ## - GENERAL NOTE
General note A golden book, New York.
700 1# - ADDED ENTRY--PERSONAL NAME
Personal name Baker, Darrell
Relator term il.
830 #0 - SERIES ADDED ENTRY--UNIFORM TITLE
Uniform title Oh, Bother!
830 #0 - SERIES ADDED ENTRY--UNIFORM TITLE
Uniform title Disney´s Winnie the Pooh helping hands book
910 ## - USER-OPTION DATA (OCLC)
User-option data 000144
942 ## - ADDED ENTRY ELEMENTS (KOHA)
Source of classification or shelving scheme Dewey Decimal Classification
Koha item type Libros
945 ## - LOCAL PROCESSING INFORMATION (OCLC)
a Inventariado extranjero / 2017 YL
956 ## - LOCAL ELECTRONIC LOCATION AND ACCESS (OCLC)
Host name YLOCKWARD
Access number 10
Compression information 20171127
Path 144
Existencias
Withdrawn status Lost status Source of classification or shelving scheme Damaged status Not for loan Collection code Home library Current library Date acquired Source of acquisition Total Checkouts Full call number Barcode Date last seen Price effective from Koha item type
    Dewey Decimal Classification     Colección Infantil General Biblioteca Pública Metropolitana Salomé Ureña Biblioteca Pública Metropolitana Salomé Ureña 11/27/2017 Donado por Fundi   xxxx xxxx BPMSU17110473 11/27/2017 11/27/2017 Libros